000 02505 a2200241 4500
003 UA-OsUOA
005 20250219092928.0
008 250219b un ||||| |||| 00| 0 ukr d
020 _a9789668477416
040 _bukr
_cUA-OsUOA
080 _a252(477)
090 _a252(477)
_bР69
100 _aРоманюк Т. В.
_918811
245 _aПатріарх Володимир, або спогади про батька
_bдокументальний нарис
_cТарас Романюк ; упоряд. Богдан Яремчишин
260 _aК.
_aВишневе
_bДуховна вісь
_c2020
300 _a196 с.
520 _aСьогодні, в період глобальних історичних процесів, що відбуваються в демократичній Україні, особливо назріла потреба вивчення та дослідження спадщини історичних діячів, чиї імена в радянський період замовчувались, а діяльність перебувала за межами наукового інтересу дослідників. Процес державного, духовного й релігійного відродження України спонукає до повернення з небуття видатних особистостей. Однією з таких яскравих постатей був справжній син України – Василь Омелянович Романюк, Патріарх Київський і всієї Руси-України. В минулому – священик, правозахисник, багаторічний в’язень сталінських і брежнєвських таборів, член Української Гельсінської групи, богослов, філософ. Про нелегкий, тернистий життєвий та духовний шлях В. Романюка розповідає в даній книзі його син Тарас, який, разом з батьком переживав етапи Його власної «хресної дороги».
650 _a2 Релігія. Теологія
700 1 _aЯремчишин Б.
_eупоряд.
_918812
942 _cBK
_2udc
955 _a1
999 _c578182
_d578182